Statystyki dla Na jakim kontynencie leży...

Kliknij tutaj aby rozwiązać quiz!

Ogólne statystyki

  • Ten quiz został rozwiązany 39 razy
    (38 od ostatniego zresetowania)
  • Średni wynik to 12 z 15

Statystyki odpowiedzi

ZagadnienieOdpowiedź% Poprawnych
Na jakim kontynencie leży Watykan?Europa
94%
Na jakim kontynencie leży Malta?Europa
94%
Na jakim kontynencie leży Nowa Zelandia?Ocenia
94%
Na jakim kontynencie leży Ekwador?Ameryka Południowa
91%
Na jakim kontynencie leży Sri Lanka?Azja
91%
Na jakim kontynencie leży Kambodża?Azja
88%
Na jakim kontynencie leży DominikanaAmeryka Północna
85%
Na jakim kontynencie leży Republika Zielonego Przylądka?Afryka
82%
Na jakim kontynencie leży Lesotho?Afryka
82%
Na jakim kontynencie leży Vanuatu?Oceania
82%
Na jakim kontynencie leżą Seszele?Afryka
79%
Na jakim kontynencie leży Surinam?Ameryka Południowa
76%
Na jakim kontynencie leży Belize?Ameryka Północna
70%
Na jakim kontynencie leży Tonga?Oceania
67%
Na jakim kontynencie leży Brunei?Azja
58%

Rozkład punktacji

Percentyl według liczby udzielonych odpowiedzi

Procent ludzi z każdym wynikiem

Twoja historia wyników

Nie rozwiązałeś tego quizu od ostatniego zresetowania